000 00816nam a2200241 a 4500
001 BRCA_6011
005 20190320205311.0
008 010411s1953----enkab#####---#000-0#eng-#
041 _aeng
044 _aenk
050 4 _aDS414
_b.H36 1953
245 1 0 _aA handbook for travellers in India, Burma, and Ceylon
_cedited by Colonel Sir Gordon Hearn.
250 _a16
260 _aLondres
_bJohn Murray
_c1953
300 _alxxiii, 792 p.
_bil. (algunas a color), mapas
_c19 cm.
500 _aG117D
651 4 _aBirmania
_vGuías
_xDescripción y viajes
_915179
651 4 _aIndia
_vGuías de viajeros
_xDescripción y viajes
_915180
651 4 _aPakistan
_vGuías de viajeros
_xDescripción y viajes
_915181
651 4 _aCeilan
_vGuías de viajeros
_xDescripción y viajes
_915182
902 _aGFM
942 _2lcc
_cB
999 _c5700
_d5700